000 00501nam a2200181Ia 4500
005 20250508150808.0
008 008 250505s9999 xx 000 0 eng d
037 _aTextual
040 _aFEDL
_beng
_cFEDL
041 _aeng
_2eng
084 _a181.4, AUR
_qFEDL
245 0 _aLetters of sri aurobindo
260 _aBombay, India
_bSri Aurobindo Circle
_c1947
300 _a416p.
650 _aOriental Psychology
_9757667
942 _cTEXL
_h181.4, AUR
999 _c1325709
_d1325709